Normal view
MARC view
- Lambert, F W
Entry Personal Name
001 - CONTROL NUMBER
- control field: 7565
003 - CONTROL NUMBER IDENTIFIER
- control field: OSt
005 - DATE AND TIME OF LATEST TRANSACTION
- control field: 20250610120500.0
008 - FIXED-LENGTH DATA ELEMENTS
- fixed length control field: 250610|| aca||aabn | a|a d
040 ## - CATALOGING SOURCE
- Original cataloging agency: OSt
- Transcribing agency: OSt
100 ## - HEADING--PERSONAL NAME
- Personal name: Lambert, F W
670 ## - SOURCE DATA FOUND
- Source citation: Work cat.: (OSt)9594: Lambert, F W ., Structural steelwork / , 1977.
